Transformation de dragon ball - Statistiques

Statistiques générales
  • Ce quiz a été pris 30 fois
  • Le résultat moyen est 9 sur 16
Statistiques - réponses
Par images Réponse % Correct
Ultra Instinct
80%
Beast
75%
Super Saiyan
75%
Ultra Ego
75%
Kaioken
70%
Super Saiyan 2
70%
Super Saiyan 3
70%
Super Saiyan 4
65%
Super Saiyan Blue
65%
Orange
60%
Super Saiyan Rosé
60%
Super Saiyan Légendaire
50%
Super Saiyan Divin
40%
Super Saiyan berserker
35%
Super Saiyan Rage
15%
Potentiel éveillé
5%
Aucun quiz correspondant
Distribution des résultats
% des personnes avec chaque résultat
Percentile par nombre de réponses
Votre historique - résultats
Vous n’avez pas pris ce quiz